Chand's Dictionary of environment / (Record no. 61227)

000 -LEADER
fixed length control field 00480nam a22001817a 4500
003 - CONTROL NUMBER IDENTIFIER
control field NUST-PNEC
005 - DATE AND TIME OF LATEST TRANSACTION
control field 20170116180717.0
008 - FIXED-LENGTH DATA ELEMENTS--GENERAL INFORMATION
fixed length control field 141022b xxu||||| |||| 00| 0 eng d
020 ## - INTERNATIONAL STANDARD BOOK NUMBER
International Standard Book Number 8121910064
040 ## - CATALOGING SOURCE
Transcribing agency PNEC
082 ## - DEWEY DECIMAL CLASSIFICATION NUMBER
Classification number 363.703 ARO
100 ## - MAIN ENTRY--PERSONAL NAME
9 (RLIN) 742
Personal name Arora, P.N.
245 ## - TITLE STATEMENT
Title Chand's Dictionary of environment /
Statement of responsibility, etc. P.N. Arora
260 ## - PUBLICATION, DISTRIBUTION, ETC.
Place of publication, distribution, etc. New Delhi
Name of publisher, distributor, etc. S. Chand & Company Ltd.
Date of publication, distribution, etc. 1996
300 ## - PHYSICAL DESCRIPTION
Extent 338 p. :
Dimensions 22 cm.
650 ## - SUBJECT ADDED ENTRY--TOPICAL TERM
General subdivision Dictionary
-- General
942 ## - ADDED ENTRY ELEMENTS (KOHA)
Source of classification or shelving scheme
Koha item type Book
Holdings
Withdrawn status Lost status Source of classification or shelving scheme Damaged status Not for loan Permanent Location Current Location Shelving location Date acquired Source of acquisition Cost, normal purchase price Total Checkouts Full call number Barcode Date last seen Cost, replacement price Price effective from Koha item type
          Pakistan Navy Engineering College (PNEC) Pakistan Navy Engineering College (PNEC) Reference 04/22/1999 Progressive International Agency 323.36   363.703 ARO PNECLIB-020892 10/22/2014 323.36 04/22/1999 Book
© 2023 Central Library, National University of Sciences and Technology. All Rights Reserved.